Spadki z Ekstraklasy w XXI wieku - Statystyki

Ogólne statystyki
  • Ten quiz został rozwiązany 392 razy
    167 od ostatniego zresetowania
  • Średni wynik to 44 z 59
Statystyki odpowiedzi
Sezon Pozycja w tabeli Nazwa zespołu % Poprawnych
2022/2023 17 Lechia Gdańsk
96%
2023/2024 18 ŁKS Łódź
94%
2019/2020 16 ŁKS Łódź
94%
2011/2012 15 ŁKS Łódź
94%
2008/2009 16 ŁKS Łódź
94%
2006/2007 15 Wisła Płock
92%
2019/2020 14 Arka Gdynia
91%
2010/2011 15 Arka Gdynia
91%
2006/2007 11 Arka Gdynia
91%
2021/2022 17 Wisła Kraków
91%
2023/2024 17 Ruch Chorzów
86%
2016/2017 16 Ruch Chorzów
86%
2002/2003 14 Ruch Chorzów
86%
2013/2014 15 Widzew Łódź
85%
2007/2008 15 Widzew Łódź
85%
2003/2004 14 Widzew Łódź
85%
2021/2022 18 Górnik Łęczna
84%
2016/2017 15 Górnik Łęczna
84%
2006/2007 13 Górnik Łęczna
84%
2012/2013 6 Polonia Warszawa
83%
2005/2006 16 Polonia Warszawa
83%
2023/2024 16 Warta Poznań
83%
2015/2016 15 Górnik Zabrze
81%
2019/2020 15 Korona Kielce
81%
2007/2008 6 Korona Kielce
81%
2022/2023 16 Wisła Płock
81%
2000/2001 15 Wisła Płock
81%
2013/2014 16 Zagłębie Lubin
81%
2007/2008 5 Zagłębie Lubin
81%
2002/2003 12 (po barażach) Zagłębie Lubin
81%
2022/2023 18 Miedź Legnica
79%
2018/2019 15 MIedź Legnica
79%
2021/2022 16 Termalica Bruk-Bet Nieciecza
79%
2017/2018 15 Termalica Bruk-Bet Nieciecza
79%
2011/2012 16 Cracovia
78%
2018/2019 16 Zagłębie Sosnowiec
78%
2007/2008 16 Zagłębie Sosnowiec
78%
2020/2021 16 Podbeskidzie Bielsko-Biała
75%
2015/2016 16 Podbeskidzie Bielsko-Biała
75%
2006/2007 16 Pogoń Szczecin
75%
2002/2003 16 Pogoń Szczecin
75%
2004/2005 14 GKS Katowice
71%
2014/2015 15 Zawisza Bydgoszcz
71%
2010/2011 16 Polonia Bytom
68%
2008/2009 7 Polonia Bytom
68%
2009/2010 16 Piast Gliwice
66%
2001/2002 15 Śląsk Wrocław
65%
2014/2015 16 GKS Bełchatów
63%
2012/2013 16 GKS Bełchatów
63%
2017/2018 16 Sandecja Nowy Sącz
59%
2005/2006 4 Amica Wronki
57%
2009/2010 15 Odra Wodzisław Śląski
57%
2001/2002 16 Stomil Olsztyn
46%
2002/2003 15 KSZO Ostrowiec Świętokrzyski
38%
2003/2004 12 (po barażach) Górnik Polkowice
34%
2001/2002 14 (po barażach) RKS Radomsko
29%
2003/2004 13 Świt Nowy Dwór Mazowiecki
29%
2002/2003 13 (po barażach) Szczakowianka Jaworzno
29%
2000/2001 16 Ruch Radzionków
27%
Nie znaleziono quizów pasujących do podanych kryteriów
Rozkład punktacji
Procent ludzi z każdym wynikiem
Percentyl według liczby udzielonych odpowiedzi
Twoja historia wyników
Nie rozwiązałeś tego quizu od ostatniego zresetowania